000 00613nam a2200241Ia 4500
003 OSt
005 20220918180606.0
006 a|||||r|||| 00| 0
007 ta
008 220917b |||||||| |||| 00| 0 eng d
024 _a23,011
037 _cTextual
040 _aARTS
_cARTS
_beng
041 _2eng
_aeng
082 _aO:6M00w, D9
100 _aMorison J Cotter
_956524
245 0 _aMacaulay
260 _c1909
490 _aEnglish men of letters, ed by John Morley
650 _aENGLISH LITERATURE
942 _hO:6M00w, D9
_cTEXL
_2CC
999 _c162157
_d162157